王者荣耀所有战士英雄皮肤 - Statistics

General Stats
  • This quiz has been taken 9 times
  • The average score is 11 of 152
Answer Stats
皮肤名称 % Correct
剑舞者
33%
水晶猎龙者
33%
冠军飞将
33%
绯红之刃
33%
哥特玫瑰
33%
紫霞仙子
33%
瓷语鉴心
33%
圣诞老人
33%
鬼剑武藏
33%
霸王丸
33%
死亡骑士
17%
狮心王
17%
心灵战警
17%
兔女郎
17%
青春决赛季
17%
瑞麟志
17%
默契交锋
17%
一生所爱
17%
霜月吟
17%
潮流仙人
17%
功夫老勺
17%
拳王
17%
大发明家
17%
黄金狮子座
17%
万象初新
17%
地狱之眼
17%
未来纪元
17%
黄金武士
17%
穷奇
17%
蓝屏警告
17%
岱宗
17%
超能战警
17%
天魔缭乱
17%
圣诞狂欢
17%
御风骁将
17%
野性能量
17%
猎兽之王
17%
末日机甲
17%
海滩丽影
17%
王者之锤
17%
白执事
17%
皇家上将
17%
嘻哈天王
17%
引擎之心
17%
淬星耀世
17%
埃及法老
17%
永曜之星
17%
次元傲视
17%
潮玩骑兵
17%
曙光守护者
17%
灼热之刃
17%
一念神魔
17%
山海·炽霜斩
17%
永昼
17%
破局者
17%
落雪白狼
17%
潮玩骑士王
0%
追逃游戏
0%
鸿运当头
0%
九霄神辉
0%
燃星之曲
0%
启示之音
0%
醍醐杖
0%
航海奇遇记
0%
沙漠行僧
0%
星际陆战队
0%
惊梅引
0%
铁甲之心
0%
战鼓燎原
0%
死神来了
0%
幽灵船长
0%
烛龙
0%
天狼征服者
0%
决胜大满贯
0%
夜都魔契
0%
怒海麟威
0%
遇见神鼓
0%
曦玄引
0%
生化警戒
0%
超时空战士
0%
聚星闪耀
0%
春野之旅
0%
忍·炎影
0%
龙胆
0%
百木心枪
0%
乘龙·铭钟鼎
0%
万事如意
0%
汉昭烈帝
0%
纽约教父
0%
时之恋人
0%
潮玩造梦师
0%
百相守梦
0%
天启骑士
0%
龙腾万里
0%
冰锋战神
0%
武圣
0%
赤影疾锋
0%
战争女神
0%
冰冠公主
0%
神奇女侠
0%
单词大作战
0%
黎明之约
0%
天秀·启明
0%
三太子
0%
逐梦之翼
0%
次元突破
0%
热血海滩
0%
雪上飞焰
0%
龙域领主
0%
青龙志
0%
绛天战甲
0%
银白咏叹调
0%
琥珀纪元
0%
美梦成真
0%
顽趣
0%
胖达荣荣
0%
天降福星
0%
命运角斗场
0%
御狮
0%
特工战影
0%
电玩高手
0%
海之征途
0%
猫狗日记
0%
挚爱之约
0%
乘龙·淬吴钩
0%
创世神祝
0%
重装意志
0%
冰霜神祇
0%
经纬探寻者
0%
归虚梦演
0%
云鹰飞将
0%
李逍遥
0%
山海·苍雷引
0%
幸存者
0%
神威
0%
无双飞将
0%
蔚蓝守将
0%
秩序猎龙将
0%
荣光圣徽
0%
浮生妄
0%
启蜇
0%
地狱燃心
0%
赤焰之缨
0%
鹤归松栖
0%
太极少年
0%
零食大作战
0%
妄想食味
0%
No matching quizzes found
Score Distribution
Percent of People with Each Score
Percentile by Number Answered
Your Score History
You have not taken this quiz